000
00330nam a22001457a 4500
008
210312b ||||| |||| 00| 0 eng d
020
_a
9780782125566
041
_a
eng
080
_a
004
082
_a
004
100
_a
35
101
_a
SHKI
245
_a
Visual Basic Developer's Guide to ADO
_c
Gunderloy ,M
942
_2
udc
_c
BK
999
_c
56500
_d
56500